Kritikou a pochvalou k vyšší motivaci zaměstnanců

Saved in:
Bibliographic Details
Main Author Rychtaříková, Yveta
Format Electronic eBook
LanguageCzech
Published Grada 2008
Edition1. elektronické vydání
Subjects
Online AccessDostupné v BOOKPORT po přihlášení pomocí eduID
ISBN978-80-247-6132-9
978-80-247-2100-2
Physical Description1 online zdroj (136 stran)

Cover

LEADER 00000nam a2200000 i 4500
001 bkp4659
003 CZ-prgp
005 20170103190445.0
006 m o d
007 cr cn
008 170103s2008 xr o 000 0 cze
020 |a 978-80-247-6132-9  |c 99 Kč  |q (online ; pdf) 
020 |a 978-80-247-2100-2  |c 103 Kč  |q (print) 
040 |a Grada  |b cze  |e rda 
100 1 |a Rychtaříková, Yveta 
245 1 0 |a Kritikou a pochvalou k vyšší motivaci zaměstnanců  |c Yveta Rychtaříková 
250 |a 1. elektronické vydání 
264 1 |b Grada  |c 2008 
300 |a 1 online zdroj (136 stran) 
336 |a text  |b txt  |2 rdacontent 
337 |a počítač  |b c  |2 rdamedia 
338 |a online zdroj  |b cr  |2 rdacarrier 
520 3 |a Co se vám vybaví, když slyšíte slovo kritika? V drtivé většině lidí vzbuzuje kritika jen malé nadšení. Téměř nikdo nemá kritiku rád. A to i přesto, že v naší společnosti kritizuje kdekdo kdekoho za kdeco. Je to paradox. Nikdo s z nás se v životě kritice nevyhne. Kdo však říká, že kritika musí mít vždy jen negativní nádech? Kritika nás může popostrčit o stupínek výš, může nám ukázat cestu a navést správným směrem. Zveme vás proto na dobrodružnou výpravu po sférách kritiky a pochvaly, které společně s mnoha dalšími dovednostmi obývají světadíl zvaný Komunikace, jež je rozlehlou součástí planety nazývané Management. Přejeme vám, aby vás kritika i pochvala provázely na vaši cestě za vysněným nejen profesním cílem. 
650 0 4 |a Podnikání a management 
856 4 0 |u https://www.bookport.cz/AccountSaml/SignIn/?idp=https://shibboleth.utb.cz/idp/shibboleth&returnUrl=/kniha/kritikou-a-pochvalou-k-vyssi-motivaci-zamestnancu-152/  |y Dostupné v BOOKPORT po přihlášení pomocí eduID